000
00258nam a2200109Ia 4500
008
220204s9999 xx 000 0 und d
082
_a
681.14DBA
_b
JEN
100
_a
Jenkins, David
245
0
_a
dBase III: Tips and tricks
490
_a
dBase III
942
_c
BK
999
_c
39733
_d
39733